000 00361nam a2200145Ia 4500
003 LK-CoDNM
008 010623t1962 xxu||||| |||| 00| 1 eng d
040 _aLK-CoDNM
_dLK-CoDNM
_eLK-CoDNM
041 _aeng
100 _aGreenaway,Frank.
245 _aScience Mueums in Developing Countries
260 _bICOM
_c1962
300 _bvi,66p., 22 cm
942 _cBK
999 _c105923
_d105923